<?xml version="1.0" encoding="UTF-8"?>
<record
    xmlns:xsi="http://www.w3.org/2001/XMLSchema-instance"
    xsi:schemaLocation="http://www.loc.gov/MARC21/slim http://www.loc.gov/standards/marcxml/schema/MARC21slim.xsd"
    xmlns="http://www.loc.gov/MARC21/slim">

  <leader>01214nam a22002177a 4500</leader>
  <datafield tag="999" ind1=" " ind2=" ">
    <subfield code="c">22029</subfield>
    <subfield code="d">22029</subfield>
  </datafield>
  <controlfield tag="003">AR-CdUCM</controlfield>
  <controlfield tag="008">190425b           ||||| |||| 00| 0 spa d</controlfield>
  <datafield tag="040" ind1=" " ind2=" ">
    <subfield code="a">MUNICIPALIDAD PROVINCIAL DEL CUSCO</subfield>
    <subfield code="c">BIBLIOTECA MUNICIPAL DEL CUSCO</subfield>
  </datafield>
  <datafield tag="082" ind1=" " ind2=" ">
    <subfield code="a">Rev.DIO/N&#xB0;2/1936</subfield>
  </datafield>
  <datafield tag="245" ind1=" " ind2=" ">
    <subfield code="a">Revista diocesana /</subfield>
  </datafield>
  <datafield tag="260" ind1=" " ind2=" ">
    <subfield code="a">Cusco :</subfield>
    <subfield code="b">Talleres Cusco Imperial,</subfield>
    <subfield code="c">1936.</subfield>
  </datafield>
  <datafield tag="300" ind1=" " ind2=" ">
    <subfield code="a">35 p&#xE1;ginas. :</subfield>
    <subfield code="c">20 cm.</subfield>
  </datafield>
  <datafield tag="440" ind1=" " ind2=" ">
    <subfield code="a">Revista Diocesana.</subfield>
    <subfield code="n">A&#xF1;o I, N&#xB0;2.</subfield>
    <subfield code="9">47202</subfield>
  </datafield>
  <datafield tag="505" ind1=" " ind2=" ">
    <subfield code="a">Contenido: Enc&#xED;clica sobre espect&#xE1;culos cinematogr&#xE1;ficos a los venerables hermanos arzobispos i obispos de los Estados Unidos de Am&#xE9;rica i dem&#xE1;s ordinarios en paz i opini&#xF3;n con la sede Apost&#xF3;lica. -- Sagrada congregaci&#xF3;n del concilio decreto sobre la organizaci&#xF3;n de las peregrinaciones de los fieles a los santuarios m&#xE1;s c&#xE9;lebres. -- Important&#xED;simos documentos para la historia eclesi&#xE1;stica del Cuzco. -- Bula de creaci&#xF3;n de la Santa Iglesia Catedral i Obispado del Cuzco. -- Disposiciones civiles sobre bautismos y sepultaci&#xF3;n de cad&#xE1;veres....</subfield>
  </datafield>
  <datafield tag="650" ind1=" " ind2=" ">
    <subfield code="a">Di&#xF3;cesis del Cusco</subfield>
    <subfield code="9">46738</subfield>
  </datafield>
  <datafield tag="650" ind1=" " ind2=" ">
    <subfield code="a">Catolicismo </subfield>
    <subfield code="9">2175</subfield>
  </datafield>
  <datafield tag="650" ind1=" " ind2=" ">
    <subfield code="a">Catecismo</subfield>
    <subfield code="9">24778</subfield>
  </datafield>
  <datafield tag="700" ind1=" " ind2=" ">
    <subfield code="a">Recharte, Jos&#xE9; &#xC1;ngel</subfield>
    <subfield code="9">46739</subfield>
  </datafield>
  <datafield tag="942" ind1=" " ind2=" ">
    <subfield code="2">ddc</subfield>
    <subfield code="c">PP</subfield>
  </datafield>
  <datafield tag="945" ind1=" " ind2=" ">
    <subfield code="a">rac</subfield>
  </datafield>
  <datafield tag="952" ind1=" " ind2=" ">
    <subfield code="0">0</subfield>
    <subfield code="2">ddc</subfield>
    <subfield code="4">0</subfield>
    <subfield code="7">0</subfield>
    <subfield code="a">HEM</subfield>
    <subfield code="b">HEM</subfield>
    <subfield code="c">CART</subfield>
    <subfield code="d">2022-02-14</subfield>
    <subfield code="g">5.00</subfield>
    <subfield code="o">Rev.DIO/N&#xB0;2/1936</subfield>
    <subfield code="p">REVC000592</subfield>
    <subfield code="r">2022-02-14</subfield>
    <subfield code="y">PP</subfield>
  </datafield>
</record>
